Pharmacology for Graduate Nurses/ (Record no. 1843)

MARC details
000 -LEADER
Fixed length control field 00533nam a2200205Ia 4500
003 - CONTROL NUMBER IDENTIFIER
Control field IIN
005 - DATE AND TIME OF LATEST TRANSACTION
Control field 20250526124241.0
008 - FIXED-LENGTH DATA ELEMENTS--GENERAL INFORMATION
Fixed length control field 250526s2024 xx adc 001 0 eng d
020 ## - INTERNATIONAL STANDARD BOOK NUMBER / ISBN
Price Rs.850.00.00
International Standard Book Number 9789356961050
040 ## - CATALOGING SOURCE
Original cataloging agency IIN
Language of cataloging English
082 ## - DEWEY DECIMAL CLASSIFICATION NUMBER
Classification number 615.1
Book Number SAR
100 1# - MAIN ENTRY--PERSONAL NAME
Personal name Sarkar, Subrata
245 1# - TITLE STATEMENT
Title Pharmacology for Graduate Nurses/
Statement of responsibility Subrata Sarkar
250 ## - EDITION STATEMENT
Edition statement 2nd ed
260 ## - IMPRINT
Place of publication New Delhi
Name of publisher Jaypee
Date of publication 2024
300 ## - PHYSICAL DESCRIPTION
Page / Vol. No xxii, 469p.
Other physical details ill.
500 ## - GENERAL NOTE
General note Includes Index
650 1# - SUBJECT ADDED ENTRY--TOPICAL TERM
Topical term Pharmacology
942 ## - ADDED ENTRY ELEMENTS (KOHA)
Koha item type Books
Holdings
Withdrawn status Lost status Source of classification Damaged status Not for loan Collection code Home library Current library Shelving location Date acquired Price Total Checkouts Call number Accession number Date last seen Price effective from Koha item type
    Dewey Decimal Classification     Purches Book IDEAL INSTITUTE OF NURSING IDEAL INSTITUTE OF NURSING General Stacks 11/03/2025 850.00   615.1 SAR 2072 26/05/2025 26/05/2025 Books
© Ideal Institute Of Nursing, All rights reserved.         Powered by Koha